000 01569cam a2200169 4500500
005 20260208010546.0
041 _afre
042 _adc
100 1 0 _aNisio, Francesco Saverio
_eauthor
245 0 0 _aPartecipazione come scientia intuitiva Lévy-Bruhl e Spinoza
260 _c2005.
500 _a100
520 _aLa participation comme « science intuitive » : Lévy-Bruhl et Spinoza On peut trouver dans l’œuvre de Lévy-Bruhl des traces de la présence de Spinoza, en particulier de sa conception de la connaissance du troisième genre, ou « science intuitive ». Il apparaît que Lévy-Bruhl a travaillé à une « new science of metaphysics », aussi bien dans ses œuvres d’histoire de la philosophie que dans ses ouvrages ethnologiques. Mots-clés : participation, science intuitive, science of metaphysics, sentiment, éthique.
520 _aParticipation as « intuitive science » : Lévy-Bruhl and Spinoza One may find in Lévy-Bruhl’s works traces of Spinoza’s presence, in particular of his conception of « knowledge of the third kind », i.e. « intuitive science ». It thus appears that Lévy-Bruhl worked on a « new science of metaphysics » both in his historical researches and in his ethnological works. Key works : participation, intuitive science, science of metaphysics, feeling, ethics.
786 0 _nRevue philosophique de la France et de l'étranger | 130 | 3 | 2005-09-01 | p. 323-333 | 0035-3833
856 4 1 _uhttps://shs.cairn.info/revue-philosophique-2005-3-page-323?lang=fr&redirect-ssocas=7080
999 _c1657146
_d1657146